|
|
|
|
| LEADER |
00000nam0a2200000 4500 |
| 001 |
287307 |
| 005 |
20231101235957.0 |
| 035 |
|
|
|a (RuTPU)RU\TPU\book\311698
|
| 090 |
|
|
|a 287307
|
| 100 |
|
|
|a 20150314d1971 k y0rusy50 ca
|
| 101 |
1 |
|
|a rus
|c eng
|
| 102 |
|
|
|a RU
|
| 105 |
|
|
|a a z 001zy
|
| 200 |
1 |
|
|a Мигматиты и происхождение гранитов
|e пер. с англ.
|f К. Менерт
|
| 210 |
|
|
|a Москва
|c Мир
|d 1971
|
| 215 |
|
|
|a 328 с.
|c ил.
|
| 225 |
1 |
|
|a Науки о Земле. Фундаментальные труды зарубежных ученых по геологии, геофизике и геохимии
|
| 320 |
|
|
|a Библиогр.: с. 297-324
|
| 320 |
|
|
|a Номенклатура магматитов: с. 295-297
|
| 320 |
|
|
|a Предметный указатель: с. 325-327
|
| 606 |
1 |
|
|a Мигматиты
|2 stltpush
|3 (RuTPU)RU\TPU\subj\43641
|9 63111
|
| 606 |
1 |
|
|a Гранитоиды
|x Происхождение
|2 stltpush
|3 (RuTPU)RU\TPU\subj\8547
|9 35939
|
| 610 |
1 |
|
|a систематика
|
| 610 |
1 |
|
|a номенклатура
|
| 610 |
1 |
|
|a текстуры
|
| 610 |
1 |
|
|a структуры
|
| 610 |
1 |
|
|a геологическая термометрия
|
| 610 |
1 |
|
|a земная кора
|
| 610 |
1 |
|
|a подвижные компоненты
|
| 610 |
1 |
|
|a миграция
|
| 610 |
1 |
|
|a гранитные породы
|
| 610 |
1 |
|
|a геохимия
|
| 610 |
1 |
|
|a магматические образования
|
| 610 |
1 |
|
|a анатектические образования
|
| 610 |
1 |
|
|a метасоматические образования
|
| 675 |
|
|
|a 552.42
|v 4
|
| 675 |
|
|
|a 552.321.1/.3
|v 4
|
| 700 |
|
1 |
|a Менерт
|b К.
|
| 801 |
|
1 |
|a RU
|b 63413507
|c 20150314
|
| 801 |
|
2 |
|a RU
|b 63413507
|c 20170622
|g RCR
|
| 942 |
|
|
|c BK
|